LEADER 01033nam0-2200349---450 001 990008579610403321 005 20190722120355.0 010 $a978-88-506-5247-1 035 $a000857961 035 $aFED01000857961 035 $a(Aleph)000857961FED01 035 $a000857961 100 $a20071109d2007----km-y0itay50------ba 101 0 $aita 102 $aIT 105 $aa-------001yy 200 1 $aAlimenti sicuri$ela guida per il consumatore dal supermercato alla tavola$fMaria Zemira Nociti, Paolo Macao 210 $aBologna$cEdagricole$dc2007 215 $aVII, 108 p.$cill.$d21 cm 610 0 $aProdotti alimentari$aEtichette 610 0 $aAlimenti$aSicurezza 676 $a664.07$v20$zita 676 $a343.082$v20$zita 700 1$aNociti,$bMaria Zemira$0766029 701 1$aMacao,$bPaolo$0428731 801 0$aIT$bUNINA$gRICA$2UNIMARC 901 $aBK 912 $a990008579610403321 952 $a60 664.07 NOCM 2007$b10955$fFAGBC 959 $aFAGBC 996 $aAlimenti sicuri$91558049 997 $aUNINA LEADER 00811nam0-22002651i-450 001 990007532310403321 005 20250416114334.0 035 $a000753231 100 $a20030814d1987----km-y0itay50------ba 101 0 $aita 102 $aIT 105 $ay-------001yy 200 1 $a<>comprensorio Trasimeno - Pievese$elineamenti geografici ed economici$fGiovanni De Santis 210 $aSpoleto$cBanca Popolare$d1987 215 $ap. 77-117$cill.$d23 cm 300 $aEstr. da: Umbria Economica, 1987 n 3 - 4 610 0 $aTrasimeno 700 1$aDe Santis,$bGiovanni$f<1949- >$0238733 801 0$aIT$bUNINA$gRICA$2UNIMARC 901 $aLG 912 $a990007532310403321 952 $aMISC.D 0119$bI.G. s.i.$fILFGE 959 $aILFGE 996 $aComprensorio Trasimeno - Pievese$9683579 997 $aUNINA